| 000 | 01743nam a2200241Ia 4500 | ||
|---|---|---|---|
| 001 | 238 | ||
| 005 | 20251203123020.0 | ||
| 008 | 251203t2009||||xx |||||||||||||| ||spa|| | ||
| 020 | _a9788467480276 | ||
| 041 | _aESP | ||
| 082 |
_aRO 940.53 _bC235 |
||
| 110 | _aCentro Editor PDA | ||
| 245 | 0 |
_aSegunda guerra mundial : _b1939-1945. Tomos 1-20 |
|
| 260 |
_aBarcelona : _bCentro Editor PDA, _c2009 |
||
| 300 |
_a91 páginas : _b ilustraciones, fotografías, mapas ; _c 26 cm. _e |
||
| 440 |
_a _n _v |
||
| 500 | _aCada volumen viene acompañado de un DVD-Vídeo | ||
| 505 | _aContiene: Tomo 1: El rearme alemán y el inicio de la contienda: 1919-1939; Tomo 2: La URSS contra Polonia y Finlandia: 1939-1945; Tomo 3: Guerra contra Noruega y los Países Bajos 1940; Tomo 4: La ocupación de Francia: 1940; Tomo 5: Enfrentamiento en el Atlántico y en el Norte de África: 1939-1941; Tomo 6: La batalla de Inglaterra: 1940; Tomo 7: De los Balcanes a la Operación Barbarroja: 1940-1941; Tomo 8: Pearl Harbor y la ofensiva japonesa: 1941; Tomo 9: La contraofensiva aliada en el Pacífico: 1942-1943; Tomo 10: La muralla del Atlántico: 1942; Tomo 11: La batalla de Stalingrado: 1942-1943; Tomo 12: De Tobruk a Túnez y la ofensiva aérea contra Alemania: 1941-1943; Tomo 13: Los aliados invaden Italia: 1943-1944; Tomo 14: La contraofensiva en el frente Oriental: 1943-1944; Tomo 15: El día D: 1944; Tomo 16: La liberación de las Filipinas: 1944-1945; Tomo 17: Un puente demasiado lejano: 1944; Tomo 18: La batalla de las Ardenas: 1944; Tomo 19: La caída de Berlín: 1945; Tomo 20: De Iwo Jima a la rendición de Japón: 1945. | ||
| 650 | _aGEH | ||
| 653 | _aGuerra Mundial, 1939-1945 - Historia | ||
| 654 | _aCTP | ||
| 942 |
_cLIB _dJUS _fMAT _2ddc _n |
||
| 999 |
_c238 _d238 |
||